| 000 | 00682 a2200181 4500 | ||
|---|---|---|---|
| 020 | _a0521826780 | ||
| 020 | _a9780521826785 | ||
| 082 | _a531 | ||
| 090 |
_c1272 _d1272 |
||
| 100 | 1 | _aGregory, R. Douglas. | |
| 245 | 1 | 0 |
_aClassical mechanics / _cR. Douglas Gregory. |
| 260 |
_a[S.l.] : _bCambridge University Press, _c2006. |
||
| 300 |
_a608 p. ; _c25 cm. |
||
| 700 | _aGregory, R. Douglas. | ||
| 942 |
_aSNS _cBK _k531 GRE |
||
| 999 |
_c29885 _d29885 |
||